| 000 | 01279cam a2200241 4500 | ||
|---|---|---|---|
| 001 | ABS67183 | ||
| 008 | 031029n2003 000 0 eng u | ||
| 035 | _a(Sirsi) u124175 | ||
| 100 | _aRydin, Y. | ||
| 245 | _aIs planning up to it? | ||
| 260 | _c2003 | ||
| 490 |
_aTown & Country Planning _v72(9) October 2003, 278-279(2) |
||
| 520 | _aQuestions whether the current British planning system is up to delivering sustainable development summarising research completed for an RICS Foundation paper "In pursuit of sustainable development: rethinking the planning system". Concludes that due to the complex nature of sustainable development policy it would be simpler and more relevant for the planning system to aim for environmental sustainability rather than sustainable development. Although this may seem more limiting it would work well in implementing environmental justice in planning decisions and weighing up the pros and cons of development. | ||
| 590 | _aABS | ||
| 650 | _aUNITED KINGDOM | ||
| 650 | _aPLANNING SYSTEM | ||
| 650 | _aSUSTAINABLE DEVELOPMENT | ||
| 650 | _aENVIRONMENTAL SUSTAINABILITY | ||
| 650 | _aPLANNING DECISIONS | ||
| 650 | _aENVIRONMENTAL ISSUES | ||
| 690 | _aENVIRONMENTAL AND LAND CONSULTANCY-PLANNING AND DEVELOPMENT | ||
| 942 | _n0 | ||
| 999 |
_c73708 _d73708 |
||